011100000a22002170004500090001400000245019800014650002300212650002200235650001900257650002400276650002100300651005000321653003700371041001300408100002700421942001300448773003200461999001700493952019100510952019100701 aARb0202710aHeliconians of Brazil () part III. Ecology and biology of Heliconius nattereri, a key primative species near extinction, and comments on the evolutionary development o14aEvolución99279714aEcología99225014aBiología99214aEntomología9448314aMariposas993025 4mSanta TeresadEspíritu SantopBrasil992749 gHeliconiuseHeliconius nattereri0 aInglés1 aBrown, Keith S.914369 cARTICULO1 tZoologica3689q41-69d1972 c11104d11104 001040718HEMEROTECAaBogotabBogotad2015-02-27eInstituto de Ciencias NaturaleshFuera de circulaciónl0oAR 02027p012404r2015-03-25 00:00:00t1w2015-03-25xDonaciónyARTICULO 001040718HEMEROTECAaBogotabBogotad2015-02-27eInstituto de Ciencias NaturaleshFuera de circulaciónl0oAR 02027p012405r2015-03-25 00:00:00t2w2015-03-25xDonaciónyARTICULO